[Event "Rated Blitz game"]
[Site "?"]
[Date "2021.06.08"]
[Round "?"]
[White "Eingepatzt"]
[Black "RiskyBlitzer"]
[Result "1-0"]
[WhiteElo "2414"]
[BlackElo "2458"]
[PlyCount "81"]
[EventDate "2021.??.??"]
[EventType "blitz"]

1. e4 e5 2. Nf3 d5 3. exd5 e4 4. Ne5 Qxd5 5. d4 exd3 6. Nxd3 Nf6 7. Nc3 Qe6+ 8.
Be2 Bd6 9. O-O O-O 10. Re1 Nc6 11. Bf3 Qf5 12. Ne4 Nxe4 13. Bxe4 Qg4 14. Qxg4
Bxg4 15. Bxc6 bxc6 16. Bf4 Bf5 17. Rad1 Bxd3 18. Bxd6 cxd6 19. Rxd3 Rfe8 20.
Rxe8+ Rxe8 21. Kf1 Rd8 22. Ke2 Kf8 23. c4 Ke7 24. Ke3 Kd7 25. Kd4 Rb8 26. b3
Re8 27. Re3 Re6 28. Rxe6 fxe6 29. b4 a5 30. b5 cxb5 31. cxb5 a4 32. Kc4 d5+ 33.
Kb4 Kc7 34. Kxa4 Kb6 35. Kb4 e5 36. a4 d4 37. Kc4 Ka5 38. f4 exf4 39. Kxd4 g5
40. Ke4 h6 41. h4 {Normal} 1-0

[Event "Rated Blitz game"]
[Site "?"]
[Date "2021.06.08"]
[Round "?"]
[White "snayperchess"]
[Black "InvisibleKoT"]
[Result "1-0"]
[WhiteElo "2658"]
[BlackElo "2617"]
[PlyCount "129"]
[EventDate "2021.??.??"]
[EventType "blitz"]

1. e4 e5 2. Nf3 d5 3. exd5 e4 4. Qe2 Nf6 5. d3 Qxd5 6. dxe4 Qxe4 7. Be3 Nc6 8.
Qc4 Qxc4 9. Bxc4 Bf5 10. Bb5 Bd6 11. Nd4 Bd7 12. Nxc6 Bxc6 13. Bxc6+ bxc6 14.
Nd2 O-O 15. Nc4 a5 16. a4 Nd5 17. O-O-O Rfe8 18. g3 Nxe3 19. fxe3 Re6 20. Rd3
Kf8 21. Rf1 Ke7 22. Rf5 c5 23. Kd2 g6 24. Rfd5 Ra6 25. Rb3 h5 26. Rb5 Re4 27.
Kd3 f5 28. Rxa5 Rxa5 29. Nxa5 Rxa4 30. Nb7 Ra6 31. Nxc5 Rc6 32. b4 Rb6 33. c3
Rb8 34. Kc4 h4 35. gxh4 Rh8 36. e4 fxe4 37. Nxe4 Rxh4 38. Rd4 Bxh2 39. b5 Rh8
40. Kd5 g5 41. Nxg5 Rh5 42. Rg4 Bf4 43. Rxf4 Rxg5+ 44. Kc6 Ke6 45. c4 Rg7 46.
c5 Ke5 47. Rf8 Kd4 48. Rf4+ Ke5 49. Rh4 Kf5 50. b6 cxb6 51. cxb6 Rg6+ 52. Kc5
Kg5 53. Rb4 Kh5 54. b7 Rg8 55. b8=Q Rxb8 56. Rxb8 Kg4 57. Rf8 Kg5 58. Kd5 Kg6
59. Ke5 Kg7 60. Rf6 Kh7 61. Ke6 Kg7 62. Ke7 Kh8 63. Kf7 Kh7 64. Rg6 Kh8 65.
Rh6# {Normal} 1-0

[Event "Rated Blitz game"]
[Site "?"]
[Date "2021.06.08"]
[Round "?"]
[White "lucas444"]
[Black "magos33"]
[Result "1-0"]
[WhiteElo "2508"]
[BlackElo "2411"]
[PlyCount "47"]
[EventDate "2021.??.??"]
[EventType "blitz"]

1. e4 e5 2. Nf3 d5 3. exd5 e4 4. Ne5 Qxd5 5. d4 exd3 6. Nxd3 Nf6 7. Nc3 Qa5 8.
Be2 c6 9. O-O Bd6 10. Bd2 Qc7 11. h3 O-O 12. Re1 Bf5 13. Bf1 Nbd7 14. Qf3 Bg6
15. Rad1 Rfe8 16. g3 Ne5 17. Nxe5 Bxe5 18. Rc1 Rad8 19. Be3 Bxc3 20. bxc3 Qa5
21. Bd4 Nd5 22. Bc4 Rxe1+ 23. Rxe1 Bxc2 24. Qe2 {Normal} 1-0

[Event "Rated Blitz tournament kuuxKuGp"]
[Site "?"]
[Date "2021.06.08"]
[Round "?"]
[White "Strelok2222"]
[Black "NaestvedVinderAltid"]
[Result "1-0"]
[WhiteElo "2479"]
[BlackElo "2330"]
[PlyCount "53"]
[EventDate "2021.??.??"]
[EventType "blitz"]

1. e4 e5 2. Nf3 d5 3. d4 dxe4 4. Nxe5 Bd6 5. Nc4 Ne7 6. Nxd6+ cxd6 7. c4 O-O 8.
Nc3 f5 9. Bf4 Nbc6 10. h4 Ng6 11. Bg5 Qb6 12. h5 Nh8 13. c5 Qxb2 14. Bc4+ Nf7
15. Rc1 Na5 16. Bd5 dxc5 17. dxc5 h6 18. Be7 Re8 19. Bd6 Be6 20. O-O Nxd6 21.
cxd6 Rad8 22. Bxe6+ Rxe6 23. Qd5 Rdxd6 24. Qxa5 e3 25. fxe3 Rd2 26. Kh1 Rxg2
27. Qd5 {Normal} 1-0

[Event "Rated Blitz game"]
[Site "?"]
[Date "2021.06.08"]
[Round "?"]
[White "ludicrulous"]
[Black "liaqat321"]
[Result "1-0"]
[WhiteElo "2555"]
[BlackElo "2384"]
[PlyCount "41"]
[EventDate "2021.??.??"]
[EventType "blitz"]

1. e4 e5 2. Nf3 d5 3. exd5 e4 4. Qe2 Nf6 5. d3 Bb4+ 6. c3 O-O 7. cxb4 exf3 8.
Qxf3 Re8+ 9. Be3 Nxd5 10. Nc3 Nxb4 11. O-O-O N8c6 12. d4 Ne7 13. Bc4 Be6 14. d5
Bf5 15. g4 Bg6 16. h4 h6 17. h5 Bh7 18. d6 cxd6 19. Bxf7+ Kh8 20. Bxh6 Rf8 21.
Bxg7+ {Normal} 1-0

[Event "Rated Blitz tournament xQzX19b5"]
[Site "?"]
[Date "2021.06.08"]
[Round "?"]
[White "octo_dami"]
[Black "om_gendut"]
[Result "1/2-1/2"]
[WhiteElo "2334"]
[BlackElo "2415"]
[PlyCount "25"]
[EventDate "2021.??.??"]
[EventType "blitz"]

1. e4 e5 2. Nf3 d5 3. exd5 e4 4. Qe2 Be7 5. Nd4 Qxd5 6. Qb5+ Qxb5 7. Bxb5+ c6
8. Be2 Nf6 9. O-O O-O 10. d3 exd3 11. Bxd3 Rd8 12. Nf5 Bxf5 13. Bxf5 {Normal}
1/2-1/2

[Event "Rated Blitz game"]
[Site "?"]
[Date "2021.06.08"]
[Round "?"]
[White "nobibla"]
[Black "Schachelite"]
[Result "0-1"]
[WhiteElo "2337"]
[BlackElo "2462"]
[PlyCount "78"]
[EventDate "2021.??.??"]
[EventType "blitz"]

1. e4 e5 2. Nf3 d5 3. Nxe5 Bd6 4. d4 dxe4 5. Nc3 Bxe5 6. dxe5 Qxd1+ 7. Nxd1 Nc6
8. Bb5 Nge7 9. O-O Bd7 10. Nc3 Nxe5 11. Bxd7+ Nxd7 12. Nxe4 O-O-O 13. Be3 b6
14. Rad1 h6 15. g3 Nf5 16. Bf4 Rhe8 17. Nc3 Nc5 18. Kg2 c6 19. Rfe1 Rxe1 20.
Rxe1 Nd4 21. Rc1 f6 22. Be3 Nde6 23. Bxc5 Nxc5 24. Kf3 Kc7 25. Rd1 Re8 26. a3
b5 27. b4 Nd7 28. Ne4 Ne5+ 29. Kf4 Nc4 30. Rd3 g5+ 31. Kf5 Re5+ 32. Kxf6 Rxe4
33. Kg6 Re6+ 34. Kf5 Re2 35. Kg6 Rxf2 36. Kxh6 Rxh2+ 37. Kxg5 Rxc2 38. g4 Rg2
39. Kf6 Rxg4 {Normal} 0-1

[Event "Rated Blitz game"]
[Site "?"]
[Date "2021.06.08"]
[Round "?"]
[White "Edward_Elric_Kun"]
[Black "blastol"]
[Result "0-1"]
[WhiteElo "2310"]
[BlackElo "2433"]
[PlyCount "56"]
[EventDate "2021.??.??"]
[EventType "blitz"]

1. e4 e5 2. Nf3 d5 3. Nxe5 Bd6 4. d4 dxe4 5. Nc3 Nf6 6. Bf4 O-O 7. Bc4 Nc6 8.
Nxc6 bxc6 9. Bg3 Rb8 10. Bb3 Rb4 11. Ne2 Bg4 12. c3 Rb5 13. O-O Bxg3 14. fxg3
Rh5 15. h3 Bc8 16. Nf4 Rg5 17. Qd2 Nd5 18. g4 e3 19. Qd3 Re8 20. Rae1 f5 21.
Nxd5 cxd5 22. gxf5 Kh8 23. Rxe3 Rxe3 24. Qxe3 Bxf5 25. Bxd5 h6 26. Bb3 Qd7 27.
Kh2 Qc6 28. Qf4 Qxg2# {Normal} 0-1

[Event "Rated Blitz game"]
[Site "?"]
[Date "2021.06.08"]
[Round "?"]
[White "GMClemyote64"]
[Black "annaly1979"]
[Result "0-1"]
[WhiteElo "2567"]
[BlackElo "2494"]
[PlyCount "84"]
[EventDate "2021.??.??"]
[EventType "blitz"]

1. e4 e5 2. Nf3 d5 3. exd5 e4 4. Qe2 f5 5. d3 Nf6 6. Nc3 Bb4 7. dxe4 Bxc3+ 8.
bxc3 fxe4 9. Nd4 O-O 10. c4 c5 11. Nb3 b6 12. h3 Bf5 13. Be3 Nbd7 14. g4 Bg6
15. Bg2 a5 16. a4 Qc7 17. O-O Rae8 18. Nd2 Qd6 19. Rfe1 Ne5 20. Bg5 Nf3+ 21.
Nxf3 exf3 22. Qxf3 Ne4 23. Qe3 Nxf2 24. Qc3 Ne4 25. Bxe4 Rxe4 26. Rxe4 Bxe4 27.
Qe3 Re8 28. Qf4 Qg6 29. Rf1 h6 30. Be7 Kh7 31. d6 Bc6 32. Kh2 Qxc2+ 33. Rf2 Qg6
34. h4 Bd7 35. Kg3 h5 36. g5 Bxa4 37. Qf5 Qxf5 38. Rxf5 Bd7 39. Rf7 Kg6 40. Rf2
Be6 41. Rb2 Rb8 42. Rxb6 Rxb6 {Normal} 0-1

[Event "Rated Blitz game"]
[Site "?"]
[Date "2021.06.08"]
[Round "?"]
[White "Mr-Tanaka"]
[Black "Chesspirate_Channel"]
[Result "1-0"]
[WhiteElo "2456"]
[BlackElo "2340"]
[PlyCount "111"]
[EventDate "2021.??.??"]
[EventType "blitz"]

1. e4 e5 2. Nf3 d5 3. exd5 e4 4. Qe2 Nf6 5. Nc3 Be7 6. Nxe4 O-O 7. d3 Nxd5 8.
Bd2 f5 9. Nc3 Bf6 10. O-O-O Re8 11. Ne4 fxe4 12. dxe4 Nb6 13. e5 Nc6 14. Bc3
Qe7 15. Re1 Bg5+ 16. Kb1 Bg4 17. h4 Bh6 18. Qe4 Bxf3 19. gxf3 Rad8 20. Bd3 Rxd3
21. Qxd3 Bf4 22. a4 Qf7 23. a5 Nd5 24. e6 Nxc3+ 25. Qxc3 Rxe6 26. a6 b6 27. Rd1
h6 28. Rhg1 Be5 29. Qc4 Bf6 30. Rd5 Na5 31. Qd3 Re8 32. b3 c5 33. Rd7 Qe6 34.
Qd5 Qxd5 35. Rxd5 Re7 36. Rd8+ Kf7 37. Rb8 Nc6 38. Rb7 Nb4 39. c3 Nxa6 40.
Rxe7+ Bxe7 41. Kc2 Bf6 42. Rg4 Nc7 43. h5 Ne6 44. Re4 Ng5 45. Ra4 Ne6 46. Rxa7+
Kg8 47. Ra8+ Kh7 48. Rb8 Nf4 49. Rxb6 Nxh5 50. b4 Nf4 51. bxc5 Be5 52. c6 h5
53. Rb5 h4 54. Rxe5 h3 55. Re1 h2 56. c7 {Time forfeit} 1-0

[Event "Rated Blitz game"]
[Site "?"]
[Date "2021.06.08"]
[Round "?"]
[White "Unemirauski"]
[Black "Razario90"]
[Result "1-0"]
[WhiteElo "2403"]
[BlackElo "2428"]
[PlyCount "55"]
[EventDate "2021.??.??"]
[EventType "blitz"]

1. e4 e5 2. Nf3 d5 3. Nxe5 dxe4 4. d4 exd3 5. Bxd3 Bd6 6. Nc4 Nf6 7. O-O O-O 8.
Nxd6 Qxd6 9. Bg5 Bg4 10. Qd2 Nc6 11. Nc3 a6 12. h3 Bh5 13. Ne4 Nxe4 14. Bxe4
Qxd2 15. Bxd2 Rad8 16. Bf4 Rd4 17. Bxc6 Rxf4 18. Bxb7 Rb8 19. Bxa6 Rxb2 20.
Rfb1 Rfb4 21. Rxb2 Rxb2 22. Bd3 Bg6 23. a4 Bxd3 24. cxd3 Rb3 25. a5 Rxd3 26. a6
Rd8 27. a7 Ra8 28. Rb1 {Normal} 1-0

[Event "Rated Blitz game"]
[Site "?"]
[Date "2021.06.08"]
[Round "?"]
[White "spiritofthewest"]
[Black "GrandeGila"]
[Result "0-1"]
[WhiteElo "2369"]
[BlackElo "2451"]
[PlyCount "46"]
[EventDate "2021.??.??"]
[EventType "blitz"]

1. e4 e5 2. Nf3 d5 3. exd5 e4 4. Ne5 Qxd5 5. d4 exd3 6. Nxd3 Bf5 7. Nc3 Qe6+ 8.
Qe2 Nc6 9. Bf4 O-O-O 10. Qxe6+ Bxe6 11. Nb5 Nd4 12. Nxd4 Rxd4 13. O-O-O Bxa2
14. Be5 Ra4 15. b3 Ra5 16. Kb2 Ba3+ 17. Kc3 f6 18. Bd4 c5 19. Be3 Ne7 20. Ra1
Nd5+ 21. Kd2 c4 22. Rxa2 cxd3 23. Kxd3 Nb4+ {Normal} 0-1

[Event "Rated Blitz game"]
[Site "?"]
[Date "2021.06.08"]
[Round "?"]
[White "SrJingles"]
[Black "ibrahim_karpove2711"]
[Result "1-0"]
[WhiteElo "2478"]
[BlackElo "2329"]
[PlyCount "75"]
[EventDate "2021.??.??"]
[EventType "blitz"]

1. e4 e5 2. Nf3 d5 3. exd5 e4 4. Qe2 f5 5. d3 Nf6 6. Nc3 Bb4 7. Bd2 Bxc3 8.
Bxc3 O-O 9. Ne5 Nxd5 10. dxe4 Nxc3 11. bxc3 Be6 12. exf5 Rxf5 13. Rd1 Qf6 14.
Ng4 Qxc3+ 15. Qd2 Qc5 16. Ne3 Rf8 17. Qd4 Qa5+ 18. Qd2 Qxa2 19. Bd3 Nc6 20. O-O
Qa5 21. Qe2 Qg5 22. Be4 Rad8 23. g3 Nd4 24. Qe1 Qe5 25. Bg2 Nf3+ 26. Bxf3 Rxf3
27. Rxd8+ Rf8 28. Rxf8+ Kxf8 29. Qd2 h6 30. Rd1 Kg8 31. Qd4 Qh5 32. Qxa7 Kh7
33. Qxb7 c6 34. Qxc6 Bf7 35. Qe4+ Bg6 36. Qe7 Qf3 37. Rd7 Qd1+ 38. Rxd1 {Normal
} 1-0

[Event "Rated Rapid game"]
[Site "?"]
[Date "2021.06.08"]
[Round "?"]
[White "Serg_T"]
[Black "DarthZannah"]
[Result "0-1"]
[WhiteElo "2478"]
[BlackElo "2576"]
[PlyCount "74"]
[EventDate "2021.??.??"]
[EventType "rapid"]

1. e4 e5 2. Nf3 d5 3. d4 dxe4 4. Nxe5 Nd7 5. Nc3 Nxe5 6. dxe5 Qxd1+ 7. Nxd1 Ne7
8. Nc3 Bf5 9. Be3 c6 10. O-O-O Ng6 11. Nb5 Rc8 12. Nxa7 Rd8 13. Rxd8+ Kxd8 14.
Bb6+ Ke8 15. Bd4 Bb4 16. Bc4 c5 17. Be3 Nxe5 18. Bb5+ Ke7 19. a3 Ba5 20. Bxc5+
Ke6 21. b4 Bc7 22. Rd1 Ra8 23. Bd4 Bb8 24. Nc8 Bc7 25. Nb6 Rxa3 26. Kb2 Ra7 27.
Nd5 b6 28. f4 exf3 29. Nf4+ Kf6 30. gxf3 Kg5 31. Nd5 Nxf3 32. Be3+ Kh4 33. Bf2+
Kh3 34. Bf1+ Kxh2 35. Nxc7 Rxc7 36. c4 b5 37. c5 Bh3 {Time forfeit} 0-1

[Event "Rated Blitz game"]
[Site "?"]
[Date "2021.06.08"]
[Round "?"]
[White "Tal99"]
[Black "InvisibleKoT"]
[Result "0-1"]
[WhiteElo "2509"]
[BlackElo "2584"]
[PlyCount "182"]
[EventDate "2021.??.??"]
[EventType "blitz"]

1. e4 e5 2. Nf3 d5 3. Nxe5 Bd6 4. d4 dxe4 5. Nc4 Nf6 6. Nxd6+ Qxd6 7. Be2 O-O
8. O-O Rd8 9. Be3 Bf5 10. c4 Nc6 11. d5 Ne5 12. h3 Qd7 13. Bf4 Re8 14. Nc3 Rad8
15. Qa4 Bxh3 16. Qxd7 Bxd7 17. Rfe1 c6 18. Rad1 Ng6 19. Be3 b6 20. c5 cxd5 21.
cxb6 axb6 22. Nxd5 Nxd5 23. Rxd5 Be6 24. Rxd8 Rxd8 25. b3 Ra8 26. Rd1 Rxa2 27.
Rd8+ Nf8 28. Bb5 Ra1+ 29. Kh2 Bxb3 30. Bxb6 Rc1 31. Ba5 Be6 32. Ba6 Rb1 33. Bc7
h6 34. Bd6 Rb6 35. Bf1 Rxd6 36. Rxd6 Ng6 37. Rd4 f5 38. Rb4 Kf7 39. Rb7+ Kf6
40. Bb5 Ne5 41. Rb6 g5 42. Ba4 Ng4+ 43. Kg1 Kf7 44. Rb7+ Kf6 45. Rb6 Ke5 46.
Rb8 h5 47. Rh8 h4 48. Bd1 e3 49. Bxg4 exf2+ 50. Kxf2 fxg4 51. Rf8 Bd5 52. Rg8
g3+ 53. Ke3 Bxg2 54. Rxg5+ Kf6 55. Rg4 h3 56. Kf4 h2 57. Rh4 Bh3 58. Rh6+ Kg7
59. Rxh3 g2 60. Rxh2 g1=Q 61. Rh4 Qc1+ 62. Kg4 Kg6 63. Kh3 Qh1+ 64. Kg4 Qg2+
65. Kf4 Qf2+ 66. Kg4 Qd4+ 67. Kg3 Qe3+ 68. Kh2 Kg5 69. Rh3 Qf2+ 70. Kh1 Qe2 71.
Rg3+ Kh4 72. Rg2 Qd1+ 73. Kh2 Qf1 74. Ra2 Qf4+ 75. Kh1 Qe4+ 76. Kh2 Qe5+ 77.
Kg1 Qd4+ 78. Kh2 Qd6+ 79. Kg1 Kg3 80. Rg2+ Kf3 81. Rf2+ Ke3 82. Rg2 Qd1+ 83.
Kh2 Qh5+ 84. Kg1 Qh4 85. Rh2 Qg3+ 86. Rg2 Qe1+ 87. Kh2 Kf3 88. Ra2 Qg3+ 89. Kh1
Qh3+ 90. Kg1 Qg4+ 91. Kf1 Qc4+ {Normal} 0-1

[Event "Rated Rapid game"]
[Site "?"]
[Date "2021.06.08"]
[Round "?"]
[White "GioGogola"]
[Black "Baris_AE"]
[Result "0-1"]
[WhiteElo "2434"]
[BlackElo "2378"]
[PlyCount "62"]
[EventDate "2021.??.??"]
[EventType "rapid"]

1. e4 e5 2. Nf3 d5 3. exd5 e4 4. Qe2 Nf6 5. Nc3 Be7 6. Ng5 O-O 7. d3 Bg4 8. Qd2
Re8 9. Ngxe4 Nxd5 10. Be2 Bxe2 11. Nxe2 f5 12. N4g3 f4 13. Ne4 f3 14. gxf3 Nc6
15. f4 Qd7 16. c3 Rad8 17. N2g3 Qg4 18. Qe2 Qh3 19. Bd2 Bd6 20. O-O-O Bxf4 21.
Kb1 b5 22. Qh5 Qd7 23. Rhg1 Bxd2 24. Rxd2 Re5 25. Qh4 b4 26. c4 Nde7 27. Nh5
Rxh5 28. Qxh5 Ng6 29. f4 Nce7 30. f5 Qxf5 31. Qxf5 Nxf5 {Time forfeit} 0-1

[Event "Rated Blitz tournament E8HYzlXD"]
[Site "?"]
[Date "2021.06.08"]
[Round "?"]
[White "lavr2004"]
[Black "Lorian2514"]
[Result "0-1"]
[WhiteElo "2375"]
[BlackElo "2402"]
[PlyCount "74"]
[EventDate "2021.??.??"]
[EventType "blitz"]

1. e4 e5 2. Nf3 d5 3. d4 dxe4 4. Nxe5 Bd6 5. Qh5 g6 6. Qe2 f5 7. h4 Nc6 8. Nxc6
bxc6 9. Bg5 Be7 10. Bxe7 Nxe7 11. c3 Rb8 12. Na3 Be6 13. h5 Kf7 14. g4 fxg4 15.
Bg2 Bf5 16. Nc4 Qd5 17. Ne5+ Kg7 18. h6+ Kf6 19. O-O g5 20. Rad1 Ng6 21. Nxg4+
Bxg4 22. Qxg4 Nf4 23. c4 Qf5 24. f3 Qxg4 25. fxg4 e3 26. Rde1 Rxb2 27. Bxc6 e2
28. Rf2 Kg6 29. Be4+ Kxh6 30. Kh2 Re8 31. Bf5 Re3 32. Kg1 Nd3 33. Kg2 Nxe1+ 34.
Kh1 Nf3 35. Kg2 Nh4+ 36. Kh1 e1=Q+ 37. Rf1 Qxf1# {Normal} 0-1

[Event "Rated Blitz game"]
[Site "?"]
[Date "2021.06.08"]
[Round "?"]
[White "oj_ossa"]
[Black "Slimslik02"]
[Result "0-1"]
[WhiteElo "2445"]
[BlackElo "2362"]
[PlyCount "80"]
[EventDate "2021.??.??"]
[EventType "blitz"]

1. e4 e5 2. Nf3 d5 3. Nc3 d4 4. Ne2 Bd6 5. Ng3 h5 6. Bc4 h4 7. Ne2 h3 8. Rg1
Nd7 9. d3 Nb6 10. Bb3 a5 11. gxh3 Rxh3 12. Ng5 Rxh2 13. Bxf7+ Kf8 14. Ng3 Nf6
15. a3 Ng4 16. Rh1 Rxh1+ 17. Nxh1 Qf6 18. Nh7+ Kxf7 19. Nxf6 Nxf6 20. Ng3 Be6
21. Bg5 Na4 22. Rb1 b5 23. Nh5 Rh8 24. Nxf6 gxf6 25. Qf3 Be7 26. Ke2 Rg8 27.
Bd2 Bg4 28. Bxa5 c5 29. b3 Nc3+ 30. Bxc3 dxc3 31. Ra1 Bxf3+ 32. Kxf3 Ra8 33. a4
b4 34. Rh1 Ke6 35. Rh7 Rg8 36. Ke3 Rg1 37. Rh2 Rc1 38. f3 Bf8 39. f4 exf4+ 40.
Kxf4 Bd6+ {Normal} 0-1

[Event "Rated Blitz game"]
[Site "?"]
[Date "2021.06.08"]
[Round "?"]
[White "Laudi64"]
[Black "Razario90"]
[Result "1-0"]
[WhiteElo "2441"]
[BlackElo "2425"]
[PlyCount "127"]
[EventDate "2021.??.??"]
[EventType "blitz"]

1. e4 e5 2. Nf3 d5 3. c3 dxe4 4. Qa4+ Nc6 5. Nxe5 Nf6 6. Bb5 Bd6 7. Nxc6 bxc6
8. Bxc6+ Bd7 9. Bxd7+ Qxd7 10. Qxd7+ Kxd7 11. O-O Ng4 12. h3 Ne5 13. b4 a5 14.
b5 a4 15. Ba3 Rab8 16. Bxd6 Kxd6 17. Na3 Kd5 18. Rab1 Nd3 19. Nc2 f5 20. f3
Rhf8 21. fxe4+ fxe4 22. Nb4+ Kc4 23. Rxf8 Rxf8 24. Na6 Rf7 25. Kh2 Kd5 26. Kg3
Kd6 27. Nb4 Nc5 28. Nc2 Kd5 29. Ne3+ Kd6 30. Rb4 g6 31. Rd4+ Ke6 32. Rc4 Kd6
33. Ng4 Rf5 34. Ne3 Re5 35. Rd4+ Ke6 36. Rc4 Kd6 37. Kh2 h5 38. g4 Kd7 39. Kg3
Nd3 40. Rd4+ Kc8 41. Rxa4 Nc1 42. Kf2 Rxb5 43. Rxe4 Nxa2 44. Ke2 Nc1+ 45. Kf3
Rg5 46. h4 hxg4+ 47. Nxg4 Rh5 48. Ne5 Nb3 49. Ke2 Nc5 50. Re3 g5 51. hxg5 Rxg5
52. d4 Nd7 53. Nf7 Rg8 54. Ne5 Rf8 55. Kd3 Nxe5+ 56. dxe5 Kd7 57. Ke4 Rh8 58.
Rf3 Rh4+ 59. Rf4 Rh3 60. c4 Ke6 61. Rf6+ Ke7 62. Rc6 Kd7 63. Rc5 Rh5 64. Kd5 {
Time forfeit} 1-0

[Event "Rated Blitz tournament U0DOW4eD"]
[Site "?"]
[Date "2021.06.07"]
[Round "?"]
[White "john-orlando99"]
[Black "dr_xStranger"]
[Result "1-0"]
[WhiteElo "2451"]
[BlackElo "2541"]
[PlyCount "115"]
[EventDate "2021.??.??"]
[EventType "blitz"]

1. e4 e5 2. Nf3 d5 3. Nc3 dxe4 4. Nxe4 Nf6 5. Nxf6+ Qxf6 6. Bc4 e4 7. Qe2 Bf5
8. d3 Bb4+ 9. c3 Bxc3+ 10. bxc3 Qxc3+ 11. Nd2 Qxa1 12. O-O O-O 13. dxe4 Bg6 14.
Nf3 Qc3 15. Bb2 Qa5 16. h4 Nc6 17. Qe3 Rfd8 18. e5 Re8 19. Qg5 h6 20. Qxg6 Re7
21. Qg3 Qb4 22. Bb3 a5 23. e6 f5 24. Bf6 a4 25. Bxe7 Qxe7 26. Bd5 Nb4 27. Bc4
c6 28. a3 Nd5 29. Re1 Nf6 30. Qe5 b5 31. Bf1 g6 32. Qf4 Kg7 33. Nd4 Rc8 34. Qg3
Kh7 35. Qe5 Ng4 36. Qf4 Qxh4 37. e7 Re8 38. Nxc6 Kg7 39. Bxb5 g5 40. Qg3 Qh5
41. f3 Nf6 42. Bxa4 f4 43. Qf2 g4 44. Nd4 g3 45. Bxe8 gxf2+ 46. Kxf2 Qh4+ 47.
Ke2 Qh2 48. Bc6 Qxg2+ 49. Kd3 Qg6+ 50. Kc3 Qg3 51. Nf5+ Kf7 52. Nxg3 fxg3 53.
e8=Q+ Nxe8 54. Bxe8+ Kf8 55. Bh5 Kg7 56. Rg1 Kf6 57. Rxg3 Kf5 58. Rg4 {Normal}
1-0

[Event "Rated Blitz game"]
[Site "?"]
[Date "2021.06.07"]
[Round "?"]
[White "SomeCM"]
[Black "KinzyabulatovRenat"]
[Result "1-0"]
[WhiteElo "2436"]
[BlackElo "2406"]
[PlyCount "47"]
[EventDate "2021.??.??"]
[EventType "blitz"]

1. e4 e5 2. Nf3 d5 3. exd5 e4 4. Qe2 Nf6 5. d3 Qxd5 6. Nc3 Bb4 7. dxe4 Qxe4 8.
Be3 Bf5 9. Qb5+ Nbd7 10. Bd3 Bxc3+ 11. bxc3 Qe7 12. Qxf5 O-O 13. O-O Rfe8 14.
Bd4 Qd6 15. Rae1 c5 16. Bxf6 Nxf6 17. Ne5 g6 18. Qf4 Re7 19. Nxg6 Qxf4 20. Nxf4
Rc7 21. c4 Rd8 22. Re5 b6 23. Nd5 Rc6 24. Ne7+ {Normal} 1-0

[Event "Rated Blitz game"]
[Site "?"]
[Date "2021.06.07"]
[Round "?"]
[White "LegendaryOM"]
[Black "magos33"]
[Result "0-1"]
[WhiteElo "2419"]
[BlackElo "2388"]
[PlyCount "102"]
[EventDate "2021.??.??"]
[EventType "blitz"]

1. e4 e5 2. Nf3 d5 3. Nxe5 Bd6 4. d4 dxe4 5. Nc4 Nf6 6. Nxd6+ Qxd6 7. Be2 Bf5
8. c3 O-O 9. O-O c5 10. dxc5 Qxc5 11. Be3 Qc7 12. Nd2 Nc6 13. Nb3 Rfd8 14. Nd4
Bg6 15. Qa4 Nd5 16. Nxc6 bxc6 17. Bc5 Nf4 18. Bc4 Nd3 19. Bxd3 exd3 20. Rad1 a5
21. Qh4 Rd5 22. Be3 c5 23. c4 Rd7 24. Qg5 Rc8 25. Rd2 a4 26. h3 Qb6 27. f4 f6
28. Qg4 Be4 29. f5 Re8 30. Bf2 Qb4 31. Be3 Qxc4 32. Rf4 Qd5 33. Kh2 c4 34. a3
Rc7 35. Bf2 c3 36. bxc3 Rxc3 37. Rd1 Rxa3 38. Rd2 Rc3 39. Be3 Rc2 40. Qg3 a3
41. Rg4 Qd7 42. Bh6 Re7 43. Qb8+ Rc8 44. Qb3+ Qd5 45. Qxa3 Rd7 46. Rxe4 Qxe4
47. Qb3+ Qd5 48. Qxd5+ Rxd5 49. Bf4 Rc2 50. Bg3 Rxd2 51. Bf4 Re2 {Time forfeit}
0-1

[Event "Rated Blitz game"]
[Site "?"]
[Date "2021.06.07"]
[Round "?"]
[White "Naruito64"]
[Black "liaqat321"]
[Result "1-0"]
[WhiteElo "2438"]
[BlackElo "2397"]
[PlyCount "117"]
[EventDate "2021.??.??"]
[EventType "blitz"]

1. e4 e5 2. Nf3 d5 3. Nc3 d4 4. Nb1 Bd6 5. Bc4 Ne7 6. d3 Nbc6 7. a3 O-O 8. O-O
Be6 9. Bxe6 fxe6 10. Ng5 Rf6 11. Qg4 Qd7 12. Nd2 Raf8 13. Nc4 Rg6 14. Qh5 h6
15. Nf3 b5 16. Nxd6 cxd6 17. Nh4 Rgf6 18. g3 d5 19. Bd2 a5 20. f4 exf4 21. gxf4
dxe4 22. dxe4 d3 23. c3 e5 24. f5 Qb7 25. Rae1 b4 26. axb4 axb4 27. Rf3 Kh7 28.
Rg3 bxc3 29. Bxc3 Nd4 30. Rxd3 Nc2 31. Re2 Qb5 32. Rg3 Nd4 33. Reg2 R8f7 34.
Ng6 Qb7 35. Nxe7 Rxe7 36. Rg6 Ref7 37. h4 Qxe4 38. Rxf6 Rxf6 39. Qg4 Nf3+ 40.
Kf2 Qxg4 41. Rxg4 Nd4 42. Ke3 Rxf5 43. Bxd4 exd4+ 44. Rxd4 g5 45. hxg5 hxg5 46.
b4 Rb5 47. Kd3 Kg6 48. Kc4 Rb8 49. b5 Kh5 50. Kc5 g4 51. b6 g3 52. Rd7 Rg8 53.
Kc6 g2 54. Rd1 Kg4 55. b7 Kg3 56. Kc7 Rg6 57. b8=Q Rg7+ 58. Kd6 Rg8 59. Qxg8+ {
Time forfeit} 1-0

[Event "Rated Blitz game"]
[Site "?"]
[Date "2021.06.07"]
[Round "?"]
[White "justus789"]
[Black "blastol"]
[Result "0-1"]
[WhiteElo "2386"]
[BlackElo "2412"]
[PlyCount "52"]
[EventDate "2021.??.??"]
[EventType "blitz"]

1. e4 e5 2. Nf3 d5 3. Nxe5 Bd6 4. d4 dxe4 5. Nc4 Nf6 6. Bg5 h6 7. Bxf6 Qxf6 8.
Nxd6+ cxd6 9. c4 Nc6 10. d5 Ne5 11. Nc3 Qg6 12. Qd4 O-O 13. Qxe4 Bf5 14. Qd4
Rfe8 15. O-O-O Rac8 16. b3 a6 17. f4 Ng4 18. h3 Ne3 19. g4 Nxd1 20. gxf5 Qxf5
21. Nxd1 Re4 22. Qd2 Rce8 23. Bd3 Qxf4 24. Bxe4 Qxe4 25. Nc3 Qxh1+ 26. Kc2 Qf3
{Normal} 0-1

[Event "Rated Blitz game"]
[Site "?"]
[Date "2021.06.07"]
[Round "?"]
[White "damir361"]
[Black "KinzyabulatovRenat"]
[Result "0-1"]
[WhiteElo "2405"]
[BlackElo "2368"]
[PlyCount "70"]
[EventDate "2021.??.??"]
[EventType "blitz"]

1. e4 e5 2. Nf3 d5 3. Nxe5 Bd6 4. d4 dxe4 5. Bf4 Nf6 6. Bc4 O-O 7. c3 Qe7 8.
O-O Nbd7 9. Nxd7 Bxd7 10. Bxd6 cxd6 11. Nd2 d5 12. Bb3 a5 13. Re1 a4 14. Bc2 b5
15. f3 e3 16. Nf1 a3 17. Rxe3 Qd6 18. b4 Rfc8 19. Nd2 Qf4 20. Qe1 Re8 21. Rxe8+
Rxe8 22. Qf2 Re3 23. Nb3 Rxc3 24. Nc5 Bf5 25. Bb3 h5 26. Re1 h4 27. h3 Nh5 28.
Bxd5 Rc2 29. Qe3 Qg3 30. f4 Nxf4 31. Qxg3 hxg3 32. Bb3 Rxg2+ 33. Kh1 Rh2+ 34.
Kg1 Nxh3+ 35. Kf1 Rf2# {Normal} 0-1

[Event "Rated Blitz game"]
[Site "?"]
[Date "2021.06.07"]
[Round "?"]
[White "Felix_Kuznetsov"]
[Black "annaly1979"]
[Result "1-0"]
[WhiteElo "2639"]
[BlackElo "2465"]
[PlyCount "61"]
[EventDate "2021.??.??"]
[EventType "blitz"]

1. e4 e5 2. Nf3 d5 3. exd5 e4 4. Qe2 f5 5. d3 Nf6 6. dxe4 fxe4 7. Ng5 Be7 8.
Nxe4 Nxe4 9. Qxe4 O-O 10. Bd3 Bf5 11. Qc4 Bxd3 12. Qxd3 Bb4+ 13. c3 Re8+ 14.
Be3 Bd6 15. Nd2 Nd7 16. O-O-O Ne5 17. Qc2 b5 18. Bd4 a5 19. Ne4 a4 20. Kb1 Nc4
21. Rhe1 Qh4 22. Nxd6 cxd6 23. Qf5 Qd8 24. Re6 Rf8 25. Qg4 Qc7 26. Rde1 Nd2+
27. Kc2 Nb3 28. Re7 Nxd4+ 29. Qxd4 Rxf2+ 30. Qxf2 Qc4 31. Qf7+ {Normal} 1-0

[Event "Rated Blitz game"]
[Site "?"]
[Date "2021.06.07"]
[Round "?"]
[White "WenlanLaritaTemple"]
[Black "magos33"]
[Result "1-0"]
[WhiteElo "2422"]
[BlackElo "2381"]
[PlyCount "69"]
[EventDate "2021.??.??"]
[EventType "blitz"]

1. e4 e5 2. Nf3 d5 3. Nxe5 Bd6 4. d4 dxe4 5. Nc3 Bxe5 6. dxe5 Qxd1+ 7. Kxd1 Bf5
8. Be3 Nc6 9. Bb5 O-O-O+ 10. Ke2 Nxe5 11. Bxa7 Nf6 12. h3 Nd5 13. Nxd5 Rxd5 14.
c4 Rxb5 15. cxb5 b6 16. Rac1 Kb7 17. Rhd1 Nd3 18. Rc3 Rd8 19. Ke3 Rd7 20. Bxb6
Kxb6 21. a4 Bg6 22. b4 f5 23. g3 Bf7 24. Rc6+ Kb7 25. f3 Ne5 26. Rxd7 Nxd7 27.
fxe4 fxe4 28. Kxe4 Nb6 29. Rc1 Nxa4 30. Kd4 Nb6 31. Re1 Nd5 32. Kc5 Nf6 33. Re7
Be6 34. Rxe6 Nd7+ 35. Kc4 {Normal} 1-0